What Islam did for us / (Record no. 329041)

000 -LEADER
fixed length control field 01564cam a2200397 a 4500
001 - CONTROL NUMBER
control field 14697051
003 - CONTROL NUMBER IDENTIFIER
control field Nust
005 - DATE AND TIME OF LATEST TRANSACTION
control field 20170420193645.0
008 - FIXED-LENGTH DATA ELEMENTS--GENERAL INFORMATION
fixed length control field 070111s2006 enk b 001 0 eng d
010 ## - LIBRARY OF CONGRESS CONTROL NUMBER
LC control number 2007367216
015 ## - NATIONAL BIBLIOGRAPHY NUMBER
National bibliography number GBA653131
Source bnb
016 7# - NATIONAL BIBLIOGRAPHIC AGENCY CONTROL NUMBER
Record control number 013486341
Source Uk
020 ## - INTERNATIONAL STANDARD BOOK NUMBER
International Standard Book Number 1842931903 (pbk.)
020 ## - INTERNATIONAL STANDARD BOOK NUMBER
International Standard Book Number 9781842931905 (pbk.)
020 ## - INTERNATIONAL STANDARD BOOK NUMBER
International Standard Book Number 9781842932018
020 ## - INTERNATIONAL STANDARD BOOK NUMBER
International Standard Book Number 1842932012
035 ## - SYSTEM CONTROL NUMBER
System control number (OCoLC)ocm70060202
040 ## - CATALOGING SOURCE
Original cataloging agency UKM
Transcribing agency UKM
Modifying agency BAKER
-- YDXCP
-- YDX
-- MIA
-- QBX
-- OCLCQ
-- BTCTA
-- DLC
042 ## - AUTHENTICATION CODE
Authentication code lccopycat
043 ## - GEOGRAPHIC AREA CODE
Geographic area code f------
-- a------
-- e------
050 00 - LIBRARY OF CONGRESS CALL NUMBER
Classification number CB251
Item number .W288 2006
082 04 - DEWEY DECIMAL CLASSIFICATION NUMBER
Classification number 909.09821
Edition number 22
082 04 - DEWEY DECIMAL CLASSIFICATION NUMBER
Classification number 909/.097670825
Edition number 22
100 1# - MAIN ENTRY--PERSONAL NAME
Personal name Wallace-Murphy, Tim.
245 10 - TITLE STATEMENT
Title What Islam did for us /
Statement of responsibility, etc. Tim Wallace-Murphy.
260 ## - PUBLICATION, DISTRIBUTION, ETC.
Place of publication, distribution, etc. London :
Name of publisher, distributor, etc. Watkins,
Date of publication, distribution, etc. 2006.
300 ## - PHYSICAL DESCRIPTION
Extent ix, 260 p. ;
Dimensions 24 cm.
500 ## - GENERAL NOTE
General note "Understanding Islam's contribution to Western civilization"--Cover.
504 ## - BIBLIOGRAPHY, ETC. NOTE
Bibliography, etc. note Includes bibliographical references (p. 218-246) and index.
650 #0 - SUBJECT ADDED ENTRY--TOPICAL TERM
Topical term or geographic name entry element Civilization, Western
General subdivision Islamic influences.
856 42 - ELECTRONIC LOCATION AND ACCESS
Materials specified Publisher description
Uniform Resource Identifier <a href="http://www.loc.gov/catdir/enhancements/fy1402/2007367216-d.html">http://www.loc.gov/catdir/enhancements/fy1402/2007367216-d.html</a>
906 ## - LOCAL DATA ELEMENT F, LDF (RLIN)
a 7
b cbc
c copycat
d 3
e ncip
f 20
g y-gencatlg
942 ## - ADDED ENTRY ELEMENTS (KOHA)
Source of classification or shelving scheme
Koha item type Book
Holdings
Withdrawn status Lost status Source of classification or shelving scheme Damaged status Not for loan Permanent Location Current Location Date acquired Total Checkouts Total Renewals Full call number Barcode Date last seen Date last checked out Price effective from Koha item type
          School of Civil and Environmental Engineering (SCEE) School of Civil and Environmental Engineering (SCEE) 04/20/2017 2 2 909.09821 WAL NIT-9097 05/03/2023 02/24/2023 04/20/2017 Book
© 2023 Central Library, National University of Sciences and Technology. All Rights Reserved.